Najlepsi polscy piłkarze - Statystyki

Ogólne statystyki
  • Ten quiz został rozwiązany 255 razy
  • Średni wynik to 6 z 10
Statystyki odpowiedzi
Overall Odpowiedź % Poprawnych
88 ovr Robert Lewandowski
100%
86 ovr Wojciech Szczęsny
88%
81 ovr Piotr Zieliński
85%
81 ovr Arkadiusz Milik
65%
79 ovr Matty Cash
59%
80 ovr Sebastian Szymański
50%
79 ovr Łukasz Skorupski
49%
79 ovr Marcin Bułka
40%
77 ovr Łukasz Fabiański
31%
78 ovr Przemysław Frankowski
27%
Nie znaleziono quizów pasujących do podanych kryteriów
Rozkład punktacji
Procent ludzi z każdym wynikiem
Percentyl według liczby udzielonych odpowiedzi
Twoja historia wyników
Nie rozwiązałeś tego quizu